| 000 | 00392 a2200121 4500 | ||
|---|---|---|---|
| 245 |
_aÄgypten _b : road map for sightseeing |
||
| 250 | _aAusg. 1977. | ||
| 650 | _aATLAS | ||
| 005 | 20191017173044.0 | ||
| 260 |
_asz _bKümmerly + Frey _c[1977] |
||
| 084 | _aG8301.P2 1977 .K8 | ||
| 300 |
_a1 map : col. _b 90 x 75 cm. fold. in cover 24 x 14 _c1 map : col. ; 90 x 75 cm. fold. in cover 24 x 14 |
||
| 500 | _aKümmery + Frey. | ||
| 999 |
_c9736 _d9736 |
||